Moderní učebnice francouzštiny francouzština pro hospodářskou praxi 1
Saved in:
| Main Author: | |
|---|---|
| Other Authors: | , |
| Format: | Book |
| Language: | Czech French |
| Published: |
Praha
Státní nakladatelství technické literatury
1975
|
| Edition: | 2. vyd. |
| Tags: |
No Tags, Be the first to tag this record!
|
MARC
| LEADER | 00000nam a2200000 4500 | ||
|---|---|---|---|
| 001 | c120530 | ||
| 005 | 20250929141026.2 | ||
| 041 | 0 | |a cze | |
| 041 | 0 | |a fre | |
| 044 | |a CZ | ||
| 245 | 1 | 0 | |a Moderní učebnice francouzštiny |b francouzština pro hospodářskou praxi 1 |c Marie Májovská, Josef Dubský a Bernard Le Marchand |
| 250 | |a 2. vyd. | ||
| 264 | 1 | |a Praha |b Státní nakladatelství technické literatury |c 1975 | |
| 300 | |a 405 s. | ||
| 100 | 1 | |a Májovská, Marie | |
| 700 | 1 | |a Dubský, Josef | |
| 700 | 1 | |a Marchand, Bernard Le | |